[Event "Ïåðâåíñòâî Ìîñêâû ïî øàõìàòàì 2015 ñðåäè ìàëü÷èêîâ (Ì19)"]
[Site "Moscow"]
[Date "2015.11.17"]
[Round "6.2"]
[White "Àëåêñàíäðîâñêèé, Äìèòðèé"]
[Black "Êðàñèêîâ, Âëàäèñëàâ"]
[Result "1/2-1/2"]
[WhiteElo "2183"]
[BlackElo "2113"]
[PlyCount "0"]
[EventDate "2015.11.12"]

1. e4 {[%clk 1:30:57]} c5 {[%clk 1:21:38]} 2. Nf3 {[%clk 1:31:15]} d6
{[%clk 1:22:03]} 3. d4 {[%clk 1:31:33]} cxd4 {[%clk 1:22:18]} 4. Nxd4
{[%clk 1:31:53]} Nf6 {[%clk 1:22:29]} 5. f3 {[%clk 1:32:12]} e5 {[%clk 1:22:51]}
6. Nb3 {[%clk 1:32:33]} Be6 {[%clk 1:23:10]} 7. c4 {[%clk 1:32:43]} Nbd7
{[%clk 1:23:37]} 8. Be3 {[%clk 1:32:41]} Rc8 {[%clk 1:22:46]} 9. Na3
{[%clk 1:32:56]} a6 {[%clk 1:20:20]} 10. Be2 {[%clk 1:33:01]} Be7
{[%clk 1:20:05]} 11. O-O {[%clk 1:32:06]} O-O {[%clk 1:20:29]} 12. Qe1
{[%clk 1:30:46]} Qc7 {[%clk 1:16:35]} 13. Qf2 {[%clk 1:29:31]} Nh5
{[%clk 1:09:04]} 14. Rac1 {[%clk 1:21:07]} f5 {[%clk 0:57:26]} 15. f4
{[%clk 1:07:12]} Nxf4 {[%clk 0:46:42]} 16. Bxf4 {[%clk 1:06:33]} fxe4
{[%clk 0:46:08]} 17. Qe3 {[%clk 1:03:20]} exf4 {[%clk 0:40:47]} 18. Qxe4
{[%clk 1:02:34]} Nc5 {[%clk 0:39:56]} 19. Nxc5 {[%clk 1:01:00]} Qxc5+
{[%clk 0:40:20]} 20. Kh1 {[%clk 1:00:48]} Qe5 {[%clk 0:37:34]} 21. Qxb7
{[%clk 0:58:16]} Qxe2 {[%clk 0:32:28]} 22. Rfe1 {[%clk 0:45:48]} f3
{[%clk 0:21:16]} 23. gxf3 {[%clk 0:44:35]} Qd2 {[%clk 0:15:11]} 24. Rcd1
{[%clk 0:42:39]} Qf4 {[%clk 0:09:46]} 25. Rxe6 {[%clk 0:42:00]} Bf6
{[%clk 0:10:15]} 26. Rexd6 {[%clk 0:36:44]} Be5 {[%clk 0:09:36]} 27. R6d2
{[%clk 0:36:51]} Rcd8 {[%clk 0:09:05]} 28. Nb1 {[%clk 0:36:45]} Rd4
{[%clk 0:08:05]} 29. Kg1 {[%clk 0:26:25]} Rfd8 {[%clk 0:06:20]} 30. Rxd4
{[%clk 0:23:34]} Rxd4 {[%clk 0:05:56]} 31. Rxd4 {[%clk 0:23:01]} Bxd4+
{[%clk 0:06:25]} 32. Kf1 {[%clk 0:21:34]} Qc1+ {[%clk 0:06:34]} 33. Ke2
{[%clk 0:21:43]} Qxc4+ {[%clk 0:06:15]} 34. Kd2 {[%clk 0:21:30]} Be5
{[%clk 0:04:43]} 35. Qb3 {[%clk 0:17:11]} Qxb3 {[%clk 0:05:12]} 36. axb3
{[%clk 0:17:40]} Bxh2 {[%clk 0:05:16]} 37. Nc3 {[%clk 0:17:01]} Kf7
{[%clk 0:05:21]} 38. b4 {[%clk 0:16:17]} Be5 {[%clk 0:05:26]} 39. Ne4
{[%clk 0:15:49]} Bxb2 {[%clk 0:03:25]} 40. Nc5 {[%clk 0:15:53]} Bd4
{[%clk 0:03:04]} 41. Nxa6 {[%clk 0:16:05]} Bb6 {[%clk 0:02:56]} 42. Ke2
{[%clk 0:14:24]} Ke6 {[%clk 0:03:17]} 43. f4 {[%clk 0:13:35]} Kd5
{[%clk 0:03:13]} 44. Kf3 {[%clk 0:13:17]} Kc4 {[%clk 0:02:41]} 45. Kg4
{[%clk 0:13:20]} Kb5 {[%clk 0:02:29]} 46. Nb8 {[%clk 0:13:44]} Kxb4
{[%clk 0:02:05]} 47. Nd7 {[%clk 0:13:50]} Bd4 48. Nf8 {[%clk 0:13:55]} h6
{[%clk 0:02:03]} 49. Ne6 {[%clk 0:14:14]} Kc4 {[%clk 0:02:04]} 50. Nxg7
{[%clk 0:13:41]} Bxg7 {[%clk 0:02:06]} 1/2-1/2

[Event "Ïåðâåíñòâî Ìîñêâû ïî øàõìàòàì 2015 ñðåäè ìàëü÷èêîâ (Ì19)"]
[Site "Moscow"]
[Date "2015.11.17"]
[Round "6.3"]
[White "Ñåëèâåðñòîâ, Âëàäèñëàâ"]
[Black "Ñàâåíêîâ, Êîíñòàíòèí"]
[Result "1/2-1/2"]
[WhiteElo "1954"]
[BlackElo "2324"]
[PlyCount "0"]
[EventDate "2015.11.12"]

1. Nf3 {[%clk 1:30:58]} Nf6 {[%clk 1:28:32]} 2. d4 {[%clk 1:31:21]} g6
{[%clk 1:28:55]} 3. c4 {[%clk 1:31:43]} Bg7 {[%clk 1:29:21]} 4. Nc3
{[%clk 1:32:04]} O-O {[%clk 1:29:45]} 5. Bg5 {[%clk 1:32:28]} c5 {[%clk 1:18:13]}
6. e3 {[%clk 1:32:27]} cxd4 {[%clk 1:11:07]} 7. Nxd4 {[%clk 1:30:38]} Qa5
{[%clk 1:08:44]} 8. Bxf6 {[%clk 1:26:56]} Bxf6 {[%clk 1:08:32]} 9. Qd2
{[%clk 1:25:20]} Bg7 {[%clk 1:00:50]} 10. Be2 {[%clk 1:21:58]} Nc6
{[%clk 0:59:54]} 11. O-O {[%clk 1:21:10]} d6 {[%clk 0:57:38]} 12. a3
{[%clk 1:17:51]} Bd7 {[%clk 0:52:58]} 13. b4 {[%clk 1:17:45]} Qd8
{[%clk 0:48:58]} 14. Rac1 {[%clk 1:17:01]} Rc8 {[%clk 0:46:19]} 15. Rfd1
{[%clk 1:16:56]} Ne5 {[%clk 0:43:46]} 16. Qa2 {[%clk 1:09:41]} a6
{[%clk 0:39:31]} 17. f4 {[%clk 0:59:31]} Ng4 {[%clk 0:38:57]} 18. Qd2
{[%clk 0:57:37]} e5 {[%clk 0:36:34]} 19. Nf3 {[%clk 0:49:16]} exf4
{[%clk 0:30:17]} 20. Qxd6 {[%clk 0:37:59]} Be6 {[%clk 0:21:20]} 21. Qxd8
{[%clk 0:37:39]} Rfxd8 {[%clk 0:21:47]} 22. Rxd8+ {[%clk 0:36:48]} Rxd8
{[%clk 0:22:13]} 23. exf4 {[%clk 0:36:12]} Ne3 {[%clk 0:18:38]} 24. c5
{[%clk 0:31:51]} Bb3 {[%clk 0:15:02]} 25. Kf2 {[%clk 0:31:53]} Nc2
{[%clk 0:15:05]} 26. Bd1 {[%clk 0:31:45]} Bxc3 {[%clk 0:07:17]} 27. Bxc2
{[%clk 0:32:06]} Be6 {[%clk 0:06:38]} 28. Be4 {[%clk 0:26:25]} Bb2
{[%clk 0:06:56]} 29. Rb1 {[%clk 0:24:39]} Bxa3 {[%clk 0:07:08]} 30. Bxb7
{[%clk 0:24:44]} a5 {[%clk 0:05:54]} 31. bxa5 {[%clk 0:15:13]} Bxc5+
{[%clk 0:06:20]} 32. Ke1 {[%clk 0:07:53]} Rd3 {[%clk 0:05:25]} 33. Ne5
{[%clk 0:04:23]} Ra3 {[%clk 0:05:13]} 34. a6 {[%clk 0:03:48]} f6 {[%clk 0:03:29]}
35. Nc6 {[%clk 0:03:52]} Ra2 {[%clk 0:03:55]} 36. Nb4 {[%clk 0:00:42]} Ra3
{[%clk 0:01:53]} 37. Nc6 {[%clk 0:01:05]} Ra2 {[%clk 0:01:19]} 38. Nb4
{[%clk 0:00:53]} Ra4 {[%clk 0:01:15]} 39. Nc6 {[%clk 0:01:06]} Ra2
{[%clk 0:00:37]} 40. Nb4 {[%clk 0:01:30]} Ra4 {[%clk 0:01:03]} 1/2-1/2

[Event "Ïåðâåíñòâî Ìîñêâû ïî øàõìàòàì 2015 ñðåäè ìàëü÷èêîâ (Ì19)"]
[Site "Moscow"]
[Date "2015.11.17"]
[Round "6.4"]
[White "Ñàëüìàí, Ïàâåë"]
[Black "Êîâàëåâ, Åãîð"]
[Result "1/2-1/2"]
[WhiteElo "2196"]
[BlackElo "2144"]
[PlyCount "0"]
[EventDate "2015.11.12"]

1. Nf3 {[%clk 1:30:54]} Nf6 {[%clk 1:30:49]} 2. c4 {[%clk 1:31:13]} c6
{[%clk 1:29:58]} 3. Nc3 {[%clk 1:31:08]} d5 {[%clk 1:30:23]} 4. d4
{[%clk 1:31:33]} a6 {[%clk 1:30:49]} 5. e3 {[%clk 1:31:40]} b5 {[%clk 1:30:56]}
6. cxd5 {[%clk 1:31:51]} cxd5 {[%clk 1:31:18]} 7. Bd3 {[%clk 1:32:09]} Bb7
{[%clk 1:28:55]} 8. O-O {[%clk 1:30:35]} e6 {[%clk 1:29:11]} 9. Ne5
{[%clk 1:30:30]} Nbd7 {[%clk 1:25:08]} 10. f4 {[%clk 1:30:31]} Bd6
{[%clk 1:23:52]} 11. Bd2 {[%clk 1:29:12]} O-O {[%clk 1:22:54]} 12. Rc1
{[%clk 1:28:45]} Rc8 {[%clk 1:21:55]} 13. a4 {[%clk 1:23:05]} b4 {[%clk 1:21:24]}
14. Ne2 {[%clk 1:23:17]} Qe7 {[%clk 1:15:09]} 15. Ng3 {[%clk 1:14:25]} Rxc1
{[%clk 1:13:46]} 16. Qxc1 {[%clk 1:12:56]} Rc8 {[%clk 1:02:59]} 17. Qe1
{[%clk 1:08:57]} a5 {[%clk 1:01:23]} 18. Qe2 {[%clk 0:59:34]} Ne4
{[%clk 0:47:49]} 19. Bxe4 {[%clk 0:33:10]} dxe4 {[%clk 0:48:04]} 20. Qb5
{[%clk 0:33:32]} Nf6 {[%clk 0:34:55]} 21. Nc4 {[%clk 0:29:04]} Ne8
{[%clk 0:21:29]} 22. Nxa5 {[%clk 0:15:42]} Bd5 {[%clk 0:21:25]} 23. Rc1
{[%clk 0:13:44]} Qd8 {[%clk 0:15:14]} 24. Rxc8 {[%clk 0:07:45]} Qxc8
{[%clk 0:15:37]} 25. Bxb4 {[%clk 0:07:47]} h5 {[%clk 0:10:39]} 26. Bxd6
{[%clk 0:06:37]} Nxd6 {[%clk 0:11:06]} 27. Qc5 {[%clk 0:06:52]} Qd7
{[%clk 0:11:34]} 28. b3 {[%clk 0:06:14]} h4 {[%clk 0:11:54]} 29. Ne2
{[%clk 0:06:23]} Nf5 {[%clk 0:10:11]} 30. Kf2 {[%clk 0:06:52]} Qd8
{[%clk 0:09:15]} 31. Nc6 {[%clk 0:04:45]} Qe8 {[%clk 0:09:43]} 32. Na5
{[%clk 0:04:16]} Qd8 {[%clk 0:10:12]} 33. b4 {[%clk 0:04:10]} h3 {[%clk 0:10:38]}
34. g3 {[%clk 0:04:16]} Nh6 {[%clk 0:11:06]} 35. Qc3 {[%clk 0:04:17]} f6
{[%clk 0:10:46]} 36. Qd2 {[%clk 0:01:45]} g5 {[%clk 0:09:12]} 37. Kg1
{[%clk 0:01:35]} Qe8 {[%clk 0:09:10]} 38. fxg5 {[%clk 0:01:00]} fxg5
{[%clk 0:09:33]} 39. Nc3 {[%clk 0:01:10]} Ng4 {[%clk 0:07:21]} 40. Qe2
{[%clk 0:01:06]} Qc8 {[%clk 0:07:48]} 41. Qxg4 {[%clk 0:00:45]} Qxc3
{[%clk 0:08:17]} 42. Qxg5+ {[%clk 0:01:14]} Kf7 {[%clk 0:08:23]} 43. Qh5+
{[%clk 0:00:59]} Kg7 {[%clk 0:08:36]} 44. Qe5+ {[%clk 0:01:29]} Kf7
{[%clk 0:09:04]} 45. Qf4+ {[%clk 0:00:45]} Kg6 {[%clk 0:09:32]} 46. Qg4+
{[%clk 0:00:41]} Kf7 {[%clk 0:09:35]} 47. Qh5+ {[%clk 0:00:45]} Kg7
{[%clk 0:09:58]} 48. Qg5+ {[%clk 0:00:36]} Kf7 {[%clk 0:10:20]} 49. Qf4+
{[%clk 0:01:05]} Kg6 {[%clk 0:10:43]} 50. Qg4+ {[%clk 0:01:22]} Kf7
{[%clk 0:11:05]} 51. Qh5+ {[%clk 0:00:44]} 1/2-1/2

[Event "Ïåðâåíñòâî Ìîñêâû ïî øàõìàòàì 2015 ñðåäè ìàëü÷èêîâ (Ì19)"]
[Site "Moscow"]
[Date "2015.11.17"]
[Round "6.5"]
[White "Ãàëÿåâ, Èâàí"]
[Black "Ìèõàéëîâñêèé, Âëàäèìèð"]
[Result "1/2-1/2"]
[WhiteElo "1976"]
[BlackElo "2126"]
[PlyCount "0"]
[EventDate "2015.11.12"]

1. b3 {[%clk 1:27:06]} Nf6 {[%clk 1:27:25]} 2. Bb2 {[%clk 1:27:15]} d5
{[%clk 1:27:00]} 3. e3 {[%clk 1:27:08]} c5 {[%clk 1:25:39]} 4. f4
{[%clk 1:24:30]} Nc6 {[%clk 1:24:58]} 5. Bb5 {[%clk 1:23:26]} Bd7
{[%clk 1:22:38]} 6. Nf3 {[%clk 1:23:02]} g6 {[%clk 1:22:04]} 7. O-O
{[%clk 1:20:55]} Bg7 {[%clk 1:21:58]} 8. Bxc6 {[%clk 1:21:09]} Bxc6
{[%clk 1:22:06]} 9. Ne5 {[%clk 1:20:59]} Qc7 {[%clk 1:20:52]} 10. d4
{[%clk 1:13:04]} cxd4 {[%clk 1:15:25]} 11. Bxd4 O-O {[%clk 1:14:33]} 12. Nd2
{[%clk 1:06:12]} Rfd8 {[%clk 1:13:17]} 13. Rc1 {[%clk 1:04:53]} b5
{[%clk 1:08:39]} 14. Ndf3 {[%clk 0:58:06]} Bb7 {[%clk 1:04:16]} 15. f5
{[%clk 0:55:21]} Rf8 {[%clk 0:49:04]} 16. fxg6 {[%clk 0:53:30]} fxg6
{[%clk 0:47:01]} 17. Ng5 {[%clk 0:51:28]} Qd6 {[%clk 0:45:19]} 18. Qd3
{[%clk 0:49:22]} b4 {[%clk 0:42:00]} 19. Rf3 {[%clk 0:33:35]} Ba6
{[%clk 0:39:43]} 20. Qd1 {[%clk 0:33:17]} h6 {[%clk 0:39:31]} 21. Nh3
{[%clk 0:29:24]} Ne4 {[%clk 0:38:14]} 22. Nd3 {[%clk 0:27:00]} e5
{[%clk 0:36:51]} 23. Ba1 {[%clk 0:27:02]} Nc3 {[%clk 0:34:17]} 24. Bxc3
{[%clk 0:27:14]} bxc3 {[%clk 0:34:44]} 25. Ndf2 {[%clk 0:25:38]} Rxf3
{[%clk 0:21:26]} 26. Qxf3 {[%clk 0:25:58]} Rf8 {[%clk 0:20:06]} 27. Qg3
{[%clk 0:25:39]} Kh7 {[%clk 0:19:31]} 28. Rd1 {[%clk 0:23:55]} g5
{[%clk 0:17:31]} 29. e4 {[%clk 0:23:01]} d4 {[%clk 0:15:24]} 30. Nd3
{[%clk 0:19:56]} Bxd3 {[%clk 0:10:47]} 31. Qxd3 {[%clk 0:18:43]} Qa3
{[%clk 0:11:07]} 32. Rf1 {[%clk 0:17:23]} Rxf1+ {[%clk 0:09:15]} 33. Qxf1
{[%clk 0:17:37]} Kh8 {[%clk 0:09:33]} 34. Nf2 {[%clk 0:16:25]} Qxa2
{[%clk 0:09:38]} 35. Qd1 {[%clk 0:16:41]} Qa6 {[%clk 0:08:51]} 36. g4
{[%clk 0:16:40]} Qb7 {[%clk 0:08:51]} 37. Kg2 {[%clk 0:16:29]} Kg8
{[%clk 0:08:38]} 38. Qe2 {[%clk 0:16:24]} Qc6 {[%clk 0:08:28]} 39. Nd3
{[%clk 0:16:43]} a5 {[%clk 0:08:22]} 40. h3 {[%clk 0:16:57]} Bf6 {[%clk 0:06:30]}
41. Qf3 {[%clk 0:17:13]} Kg7 {[%clk 0:06:32]} 42. Qe2 {[%clk 0:16:57]} a4
{[%clk 0:05:27]} 43. bxa4 {[%clk 0:17:12]} Qxa4 {[%clk 0:05:56]} 44. Qd1
{[%clk 0:17:19]} Qa2 {[%clk 0:06:08]} 45. Kf3 {[%clk 0:17:37]} Kf7
{[%clk 0:06:26]} 46. Kg2 {[%clk 0:17:48]} Ke7 {[%clk 0:06:42]} 47. Kf3
{[%clk 0:17:53]} Kd6 {[%clk 0:07:05]} 48. Kg2 {[%clk 0:18:17]} Bd8
{[%clk 0:06:49]} 49. Kf3 {[%clk 0:18:26]} Qa8 {[%clk 0:05:22]} 50. Qb1
{[%clk 0:18:26]} Qa5 {[%clk 0:02:48]} 1/2-1/2

[Event "Ïåðâåíñòâî Ìîñêâû ïî øàõìàòàì 2015 ñðåäè ìàëü÷èêîâ (Ì19)"]
[Site "Moscow"]
[Date "2015.11.17"]
[Round "6.6"]
[White "Ïîñèöåëüñêèé, Äìèòðèé"]
[Black "Ïàÿíèäè, ßíèñ"]
[Result "0-1"]
[WhiteElo "1747"]
[BlackElo "2178"]
[PlyCount "0"]
[EventDate "2015.11.12"]

1. e4 {[%clk 1:30:58]} c5 {[%clk 1:28:20]} 2. Nf3 {[%clk 1:31:19]} d6
{[%clk 1:28:29]} 3. Bb5+ {[%clk 1:31:43]} Nc6 {[%clk 1:27:49]} 4. Bxc6+
{[%clk 1:32:06]} bxc6 {[%clk 1:28:13]} 5. O-O {[%clk 1:32:31]} e5
{[%clk 1:25:49]} 6. c3 {[%clk 1:32:53]} Nf6 {[%clk 1:07:43]} 7. Re1
{[%clk 1:32:52]} Be7 {[%clk 1:05:45]} 8. d4 {[%clk 1:30:31]} cxd4
{[%clk 1:05:40]} 9. cxd4 {[%clk 1:30:56]} Qc7 {[%clk 1:05:58]} 10. h3
{[%clk 1:29:18]} O-O {[%clk 1:06:03]} 11. Nc3 {[%clk 1:29:30]} Rd8
{[%clk 0:58:56]} 12. Bg5 {[%clk 1:26:36]} Nh5 {[%clk 0:55:23]} 13. Bxe7
{[%clk 1:23:05]} Qxe7 {[%clk 0:55:41]} 14. Qd2 {[%clk 1:19:00]} Nf4
{[%clk 0:53:07]} 15. Ne2 {[%clk 1:17:08]} Nxe2+ {[%clk 0:50:32]} 16. Qxe2
{[%clk 1:16:04]} Qf6 {[%clk 0:50:40]} 17. Rad1 {[%clk 1:08:37]} Be6
{[%clk 0:49:12]} 18. b3 {[%clk 1:07:16]} g5 {[%clk 0:49:16]} 19. dxe5
{[%clk 0:59:13]} dxe5 {[%clk 0:49:42]} 20. Nh2 {[%clk 0:58:47]} Qg6
{[%clk 0:47:24]} 21. Nf1 {[%clk 0:48:26]} h5 {[%clk 0:47:05]} 22. g4
{[%clk 0:47:40]} hxg4 {[%clk 0:44:05]} 23. hxg4 {[%clk 0:48:09]} Rd4
{[%clk 0:44:01]} 24. Rc1 {[%clk 0:27:31]} Bd7 {[%clk 0:35:29]} 25. f3
{[%clk 0:26:06]} Qd6 {[%clk 0:34:33]} 26. Ne3 {[%clk 0:21:58]} Be6
{[%clk 0:24:17]} 27. Rc2 {[%clk 0:18:39]} c5 {[%clk 0:22:46]} 28. Rec1
{[%clk 0:18:19]} Rc8 {[%clk 0:23:12]} 29. Kg2 {[%clk 0:16:28]} Rc6
{[%clk 0:22:46]} 30. Nf1 {[%clk 0:14:03]} a6 {[%clk 0:18:02]} 31. Ng3
{[%clk 0:13:51]} Rd3 {[%clk 0:15:58]} 32. Nf1 {[%clk 0:13:33]} Rd4
{[%clk 0:13:52]} 33. Ng3 {[%clk 0:12:54]} a5 {[%clk 0:09:33]} 34. Qe3
{[%clk 0:12:35]} f6 {[%clk 0:09:55]} 35. Ne2 {[%clk 0:06:15]} Rd3
{[%clk 0:10:02]} 36. Qf2 {[%clk 0:06:39]} Rd2 {[%clk 0:07:23]} 37. Qe3
{[%clk 0:06:56]} Rd3 {[%clk 0:07:37]} 38. Qf2 {[%clk 0:07:20]} a4
{[%clk 0:01:16]} 39. bxa4 {[%clk 0:07:19]} c4 {[%clk 0:01:46]} 40. Nc3
{[%clk 0:04:41]} Qd7 {[%clk 0:01:50]} 41. Qe2 {[%clk 0:03:12]} Rcd6
{[%clk 0:01:38]} 42. Nb1 {[%clk 0:01:23]} c3 {[%clk 0:00:49]} 43. Kg1
{[%clk 0:00:32]} Rd1+ {[%clk 0:00:38]} 44. Kg2 {[%clk 0:00:45]} R1d3
{[%clk 0:00:54]} 45. Kg1 {[%clk 0:01:09]} Bc4 {[%clk 0:00:44]} 46. Qf2
{[%clk 0:00:57]} Rd1+ {[%clk 0:00:46]} 47. Kg2 {[%clk 0:00:47]} Qh7
{[%clk 0:00:54]} 48. Nxc3 {[%clk 0:00:36]} Qh1+ {[%clk 0:01:04]} 49. Kg3
{[%clk 0:01:01]} Qh4+ {[%clk 0:01:30]} 50. Kg2 {[%clk 0:01:21]} Qh1+
{[%clk 0:01:59]} 51. Kg3 {[%clk 0:01:40]} Rxc1 {[%clk 0:02:26]} 52. Rxc1
{[%clk 0:01:59]} Qxc1 {[%clk 0:02:50]} 53. Qc5 {[%clk 0:02:14]} Qf4+
{[%clk 0:03:03]} 0-1

[Event "Ïåðâåíñòâî Ìîñêâû ïî øàõìàòàì 2015 ñðåäè ìàëü÷èêîâ (Ì19)"]
[Site "Moscow"]
[Date "2015.11.17"]
[Round "6.7"]
[White "Òèòîâ, Åâãåíèé"]
[Black "Ìàòþíèí, Âëàäèñëàâ"]
[Result "0-1"]
[WhiteElo "2057"]
[BlackElo "2062"]
[PlyCount "0"]
[EventDate "2015.11.12"]

1. d4 {[%clk 1:26:28]} Nf6 {[%clk 1:30:40]} 2. c4 {[%clk 1:26:51]} g6
{[%clk 1:31:00]} 3. Nc3 {[%clk 1:27:08]} Bg7 {[%clk 1:31:25]} 4. e4
{[%clk 1:27:15]} O-O {[%clk 1:30:53]} 5. Be2 {[%clk 1:27:31]} d6 {[%clk 1:31:17]}
6. f4 {[%clk 1:27:48]} e5 {[%clk 1:31:07]} 7. fxe5 {[%clk 1:28:11]} dxe5
{[%clk 1:31:35]} 8. d5 {[%clk 1:28:34]} Na6 {[%clk 1:31:31]} 9. Bg5
{[%clk 1:28:03]} h6 {[%clk 1:29:58]} 10. Bh4 {[%clk 1:28:20]} Qe8
{[%clk 1:29:16]} 11. Qd2 {[%clk 1:20:42]} Nh7 {[%clk 1:28:38]} 12. Nf3
{[%clk 1:19:48]} f5 {[%clk 1:26:06]} 13. exf5 {[%clk 1:02:41]} Bxf5
{[%clk 1:15:40]} 14. Bf2 {[%clk 0:57:18]} Nf6 {[%clk 1:10:39]} 15. O-O
{[%clk 0:53:07]} Ng4 {[%clk 1:08:34]} 16. Bg3 {[%clk 0:51:54]} e4
{[%clk 1:04:29]} 17. Nd4 {[%clk 0:51:33]} e3 {[%clk 1:03:55]} 18. Qd1
{[%clk 0:51:51]} Nf2 {[%clk 1:03:48]} 19. Bxf2 {[%clk 0:45:51]} exf2+
{[%clk 1:04:14]} 20. Rxf2 {[%clk 0:45:05]} Qe3 {[%clk 1:04:26]} 21. Nf3
{[%clk 0:42:59]} Nc5 {[%clk 1:03:17]} 22. Qc1 {[%clk 0:41:27]} Rae8
{[%clk 0:52:33]} 23. Qxe3 {[%clk 0:33:45]} Rxe3 {[%clk 0:52:57]} 24. Bf1
{[%clk 0:28:37]} Ne4 {[%clk 0:41:04]} 25. Re2 {[%clk 0:21:38]} Rxe2
{[%clk 0:40:21]} 26. Nxe2 {[%clk 0:21:39]} Bg4 {[%clk 0:37:41]} 27. Ned4
{[%clk 0:18:30]} Nd2 {[%clk 0:37:48]} 28. Ne6 {[%clk 0:13:49]} Nxf3+
{[%clk 0:21:22]} 29. gxf3 {[%clk 0:14:09]} Bxe6 {[%clk 0:21:21]} 30. dxe6
{[%clk 0:14:34]} Bxb2 {[%clk 0:20:59]} 31. Rd1 {[%clk 0:12:54]} Re8
{[%clk 0:20:53]} 32. Bh3 {[%clk 0:11:15]} Re7 {[%clk 0:21:17]} 33. Kf2
{[%clk 0:10:34]} Be5 {[%clk 0:20:47]} 34. Kg2 {[%clk 0:08:27]} Bd6
{[%clk 0:20:42]} 35. Rd5 {[%clk 0:07:13]} b6 {[%clk 0:20:57]} 36. Rd4
{[%clk 0:05:25]} Kg7 {[%clk 0:20:45]} 37. f4 {[%clk 0:05:41]} Kf6
{[%clk 0:20:47]} 38. Kf3 {[%clk 0:06:04]} g5 {[%clk 0:18:30]} 39. fxg5+
{[%clk 0:05:26]} hxg5 {[%clk 0:18:41]} 40. Kg2 {[%clk 0:05:27]} Rh7
{[%clk 0:17:52]} 41. Re4 {[%clk 0:04:57]} Rh4 {[%clk 0:17:45]} 42. Rxh4
{[%clk 0:04:46]} gxh4 {[%clk 0:18:12]} 43. Bg4 {[%clk 0:05:10]} Ke5
{[%clk 0:18:29]} 44. Kf3 {[%clk 0:02:54]} Kd4 {[%clk 0:18:40]} 45. Bh5
{[%clk 0:02:58]} Be7 {[%clk 0:18:45]} 46. Kf4 {[%clk 0:02:52]} Kxc4
{[%clk 0:19:00]} 47. Kf5 {[%clk 0:03:15]} Kd5 {[%clk 0:19:25]} 48. Bf3+
{[%clk 0:03:04]} Kd6 {[%clk 0:19:50]} 49. Be2 {[%clk 0:03:23]} c6
{[%clk 0:20:05]} 50. a4 {[%clk 0:03:37]} Kc5 {[%clk 0:19:30]} 51. Kg6
{[%clk 0:03:19]} b5 {[%clk 0:17:00]} 52. Kf7 {[%clk 0:03:33]} Bg5
{[%clk 0:16:44]} 53. a5 {[%clk 0:01:56]} Kd6 {[%clk 0:16:58]} 54. a6
{[%clk 0:02:11]} b4 {[%clk 0:16:49]} 55. Bc4 {[%clk 0:02:34]} Kc5
{[%clk 0:17:02]} 56. Bb3 {[%clk 0:02:02]} Kb5 {[%clk 0:16:17]} 57. e7
{[%clk 0:02:26]} Bxe7 {[%clk 0:16:44]} 58. Kxe7 {[%clk 0:02:53]} c5
{[%clk 0:16:45]} 59. Kd6 {[%clk 0:01:54]} c4 {[%clk 0:17:12]} 60. Bd1
{[%clk 0:02:23]} b3 {[%clk 0:16:46]} 61. Kc7 {[%clk 0:01:36]} Kb4
{[%clk 0:16:18]} 62. Kb7 {[%clk 0:01:58]} c3 {[%clk 0:16:42]} 63. Kxa7
{[%clk 0:01:04]} c2 {[%clk 0:17:08]} 64. Bxc2 {[%clk 0:01:29]} bxc2
{[%clk 0:17:36]} 65. Kb7 {[%clk 0:01:41]} c1=Q {[%clk 0:17:57]} 66. a7
{[%clk 0:02:10]} Qh1+ {[%clk 0:17:59]} 67. Kb8 {[%clk 0:02:35]} Qxh2+
{[%clk 0:18:25]} 0-1

[Event "Ïåðâåíñòâî Ìîñêâû ïî øàõìàòàì 2015 ñðåäè ìàëü÷èêîâ (Ì19)"]
[Site "Moscow"]
[Date "2015.11.17"]
[Round "6.8"]
[White "Áàãäàñàðîâ, Ýäóàðä"]
[Black "Âèõàðåâ, Àëåêñåé"]
[Result "1/2-1/2"]
[WhiteElo "2003"]
[BlackElo "2055"]
[PlyCount "0"]
[EventDate "2015.11.12"]

1. e4 {[%clk 1:19:40]} e5 {[%clk 1:29:54]} 2. Nf3 {[%clk 1:20:05]} Nc6
{[%clk 1:30:19]} 3. Bc4 {[%clk 1:20:33]} Nf6 {[%clk 1:30:19]} 4. Ng5
{[%clk 1:20:19]} d5 {[%clk 1:30:26]} 5. exd5 {[%clk 1:20:48]} b5 {[%clk 1:26:10]}
6. Bxb5 {[%clk 1:19:51]} Qxd5 {[%clk 1:26:34]} 7. Nc3 {[%clk 1:20:04]} Qxg2
{[%clk 1:21:47]} 8. Qf3 {[%clk 1:20:27]} Qxf3 {[%clk 1:22:12]} 9. Nxf3
{[%clk 1:20:55]} Bd7 {[%clk 1:22:35]} 10. d3 {[%clk 1:20:38]} Bb4
{[%clk 1:13:24]} 11. Bd2 {[%clk 1:07:27]} O-O {[%clk 1:13:46]} 12. O-O-O
{[%clk 1:05:52]} Rab8 {[%clk 1:12:39]} 13. Ba4 {[%clk 1:02:32]} Rb6
{[%clk 1:12:16]} 14. Rde1 {[%clk 0:54:51]} Re8 {[%clk 1:03:37]} 15. Rhg1
{[%clk 0:52:51]} Nd4 {[%clk 1:01:07]} 16. Bxd7 {[%clk 0:38:59]} Nxf3
{[%clk 1:00:12]} 17. Bxe8 {[%clk 0:38:53]} Nxe8 {[%clk 1:00:00]} 18. Rgf1
{[%clk 0:35:34]} Nxe1 {[%clk 0:56:16]} 19. Rxe1 {[%clk 0:35:14]} Re6
{[%clk 0:55:43]} 20. Nd5 Bxd2+ {[%clk 0:55:31]} 21. Kxd2 {[%clk 0:26:39]} f6
{[%clk 0:55:02]} 22. f4 {[%clk 0:26:09]} c6 {[%clk 0:54:21]} 23. Nb4
{[%clk 0:26:17]} Nc7 {[%clk 0:54:32]} 24. f5 {[%clk 0:18:24]} Rd6
{[%clk 0:53:01]} 25. c3 {[%clk 0:16:19]} g6 {[%clk 0:50:51]} 26. fxg6
{[%clk 0:16:42]} hxg6 {[%clk 0:51:14]} 27. Re4 {[%clk 0:16:47]} a5
{[%clk 0:49:56]} 28. Nc2 {[%clk 0:17:12]} Ne6 {[%clk 0:49:47]} 29. Ne1
{[%clk 0:09:50]} Rd7 {[%clk 0:48:27]} 30. Ra4 {[%clk 0:09:21]} Rh7
{[%clk 0:48:51]} 31. h4 {[%clk 0:06:23]} Nf4 {[%clk 0:49:13]} 32. Nf3
{[%clk 0:06:27]} Rd7 {[%clk 0:49:31]} 33. d4 {[%clk 0:05:52]} e4 {[%clk 0:46:33]}
34. Nh2 {[%clk 0:04:41]} Rh7 {[%clk 0:45:48]} 35. Ng4 {[%clk 0:04:48]} Kf7
{[%clk 0:44:59]} 36. Rxa5 {[%clk 0:02:40]} Rxh4 {[%clk 0:45:20]} 37. Ra7+
{[%clk 0:02:09]} Ke6 {[%clk 0:45:04]} 38. Ne3 {[%clk 0:01:57]} Rh2+
{[%clk 0:44:46]} 39. Kd1 {[%clk 0:02:10]} Nd3 {[%clk 0:40:44]} 40. Ra6
{[%clk 0:01:31]} Nxb2+ {[%clk 0:38:37]} 41. Kc1 {[%clk 0:01:15]} Nd3+
{[%clk 0:38:40]} 42. Kd1 {[%clk 0:01:29]} Nf2+ {[%clk 0:37:01]} 43. Ke1
{[%clk 0:01:35]} Nd3+ {[%clk 0:36:59]} 44. Kd1 {[%clk 0:02:05]} f5
{[%clk 0:37:02]} 45. d5+ {[%clk 0:02:17]} Ke5 {[%clk 0:36:38]} 46. dxc6
{[%clk 0:02:20]} Kf4 {[%clk 0:36:46]} 47. Nd5+ {[%clk 0:02:31]} Kf3
{[%clk 0:35:00]} 48. c7 {[%clk 0:02:32]} Rb2 {[%clk 0:30:50]} 1/2-1/2